000 00622nam a2200193 a 4500
001 000026228
005 20250609123930.0
008 110307s2007 dr 000 0 spa d
040 _aDO-SdBNP
_bspa
_cBNPHU
082 _a398.9
_bP349m
100 1 _aJavier Peña, Francisco
_953257
245 1 0 _aMil frases y un significado :
_badquiera sabiduría /
_cFrancisco Javier Peña.
260 _aSanto Domingo :
_b[s.n.],
_c2007.
300 _a461 p. ;
_c23 cm.
590 _aInventariado, 2018/VM
650 4 _aProverbios y refranes
_918988
650 0 _aPalabras y frases
_910914
910 _aValidado. Control de calidad EMS.
999 _c25720
_d25720